000 00494nam a2200133 a 4500
008 120416s1962 ||||||||||||||||| || u
050 _aDK 63.3 Ken
100 _aKennan, George Frost
245 1 0 _aRussia and the West under Lenin and Stalin
260 _aNew York
_bNew America Library
_c1962
300 _a384p.
350 _a0.00
995 _D0.00
_FCBU-MAIN LIBRARY (Kitwe)
_H1
_I0.00
_M1
_UDAMAGED
_WJun 21, 2006
_ZMain Library Open Access Collection
999 _c56856
_d56856